| 000 | 01371nam a22003617i 4500 | ||
|---|---|---|---|
| 999 |
_c170615 _d170615 |
||
| 003 | PPAK | ||
| 005 | 20181227151837.0 | ||
| 008 | 181219b my ||||| |||| 00| 0 ind d | ||
| 020 |
_a9786026845115 _cRM90.00 _qhardback |
||
| 040 |
_aPPAK _beng _cPPAK _erda |
||
| 041 | 1 |
_aind _hara |
|
| 082 | 0 | 4 |
_223 _a297.1229 |
| 090 | 0 | 0 |
_a297.1229 _bTAF _dR |
| 245 | 0 | 0 |
_aTAFSIR MUYASSAR : _bMEMAHAMI AL-QUR'AN DENGAN TERJEMAHAN DAN PENAFSIRAN PALING MUDAH : SURAT THAHA S/D AN-NAS JILID 2 / _cPara Penyusun : Dr. Himat Basyir, Dr. Hazim Haidar, Dr. Mushthafa Muslim, Dr. Abdul Aziz Isma'il ; Penerjemah : Muhammad Ashim, Izzudin Karimi |
| 246 | 1 | 3 | _aAt-Tafsir al-Muyassar |
| 250 | _aEdisi Indonesia | ||
| 264 | 1 |
_aJakarta : _bDARUL HAQ, _c2016 |
|
| 300 |
_axxvi, 966 pages : _c25 cm |
||
| 336 |
_2rdacontent _atext |
||
| 337 |
_2rdamedia _aunmediated |
||
| 338 |
_2rdacarrier _avolume |
||
| 500 | _aOriginal title : At-Tafsir al-Muyassar | ||
| 650 | 1 | 0 |
_aQur'an _vCriticism, interpretation, etc |
| 650 | 2 | 0 |
_aQur'an _vCommentaries |
| 650 | 2 | 0 |
_aQur'an _vHermeneutics |
| 700 | 0 |
_aHimat Basyir, _cDr., _ecompiler. |
|
| 700 | 0 |
_aHazim Haidar, _dDr., _ecompiler. |
|
| 700 | 0 |
_aDr. Mushthafa Muslim, _cDr., _ecompiler |
|
| 700 | 0 |
_aAbdul Aziz Isma'il, _cDr., _ecompiler. |
|
| 700 | 0 |
_aMuhammad Ashim, _etranslator. |
|
| 700 | 0 |
_aIzzudin Karimi, _etranslator. |
|
| 942 |
_2ddc _cB |
||